000
00220nam a2200097Ia 4500
008
191206s9999 xx 000 0 und d
020
_a
9.78027E+12
090
_a
34.78
245
0
_a
Statistics for Managers
260
_c
c2013
999
_c
16958
_d
16958